00777 a2200385 4500000002100000001000700021005001700028008004100045010000500086020001500091082001800106100001900124110000500143245009100148250000500239260002400244300001000268490000700278500000500285600000500290610000500295611000500300630001900305650000500324651000500329654000500334700000900339710000900348711000500357720000500362730000500367740000500372752000500377856000900382BKB 13762220200902153302.0  a a1844675041 a791.433bL56H1 aLaslie, Esther a1 aHollywood flatlands : animation, critical theory and the event gradecby Esther Laslie a aLondonbVERSOc2004 a344p. av a a a a aCulture& Media a a a abc abc a a a a a adf